Laddar...

Nalakatha malayalathil

Bibliografiska uppgifter
Huvudupphovsman: Prasanna Mani, V
Materialtyp: Printed Book
Publicerad: Kottayam, N B S 1986
LEADER 003850000a22001210004500
040 |a MAL 
082 |a 294.592 307 32 M7 
100 |a Prasanna Mani, V 
245 |a Nalakatha malayalathil 
260 |a Kottayam, N B S 
260 |c 1986 
999 |c 26014  |d 26014 
952 |0 0  |1 0  |4 0  |6 294_592000000000000_307_32_M7  |7 0  |8 MAL  |9 25850  |a MGUL  |b MGUL  |d 2013-07-16  |l 0  |o 294.592 307 32 M7  |p 19235  |r 2013-07-16  |w 2013-07-16  |y BK